La tributación de los actos ilícitos (Registro nro. 15841)

Detalles MARC
000 -LEADER
fixed length control field 00310 a2200109 4500
001 - CONTROL NUMBER
control field ART_34398
005 - DATE AND TIME OF LATEST TRANSACTION
control field 20260410161708.0
008 - FIXED-LENGTH DATA ELEMENTS--GENERAL INFORMATION
fixed length control field 260409a
100 1# - MAIN ENTRY--PERSONAL NAME
Personal name Freedman, Diego
245 10 - TITLE STATEMENT
Title La tributación de los actos ilícitos
773 0# - HOST ITEM ENTRY
Title Revista Impuestos
Related parts - Nº 15 (ago. 2004)
Record control number REV639

No hay ítems disponibles.